Music Quiz

Random Music or Song Quiz

70 soulful songs from the 70's Quiz Stats

 Plays Quiz not verified by Sporcle

Score 0/70 Timer 10:00
0 Plays Today
Can you guess these soulful songs from t Answer % Correct
Earth Wind and Fire September
61.9%
The O'Jays Love Train
47.6%
Commodores Lady
42.9%
Stevie WonderSuperstition
42.9%
The Jackson FiveA,B,C
42.9%
Rose Royce Car Wash
42.9%
Average White Band Pick up the Pieces
38.1%
The Bee Gees Night Fever
38.1%
ChicLe Freak
38.1%
The Jackson Five I Want You Back
38.1%
Lionel Richie Easy
33.3%
Commodores Brick House
33.3%
KC and the Sunshine Band Get Down Tonight
28.6%
McFadden & WhiteheadA'int No Stopping Us Now
28.6%
Al GreenLets Stay Together
28.6%
LaBelle Lady Marmalade
28.6%
Hot Chocolate You Sexy Thing
28.6%
Anita Ward Ring my Bell
28.6%
The Bee Gees Staying Alive
28.6%
Van Morrison Moondance
23.8%
PlayerBaby Come Back
23.8%
Sly and the Family Stone Dance to the Music
19%
The Emotions Best of My Love
19%
Taste of Honey Boogie Oogie Oogie
19%
HeatwaveBoogie Nights
19%
The Temptations Papa was a Rolling Stone
19%
Stevie Wonder Sir Duke
19%
Kool and the Gang Get Down On It
14.3%
Curtis MayfieldMove On Up
14.3%
Kool and the Gang Jungle Boogie
14.3%
Sly and the Family Stone Thank You
14.3%
The O'JaysFor the Love of Money
14.3%
Marvin GayeGot to Give it Up
14.3%
James Brown Papa's Got a Brand New Bag
14.3%
Chaka KhanI'm Every Woman
14.3%
Can you guess these soulful songs from t Answer % Correct
The Trammps Disco Inferno
14.3%
Barry WhiteCant Get Enough of Your Love, Babe
14.3%
Jackson 5Ill Be There
14.3%
Bill Withers Use Me
9.5%
Stevie WonderI Wish
9.5%
The Bee Gees You Should Be Dancing
9.5%
King Floyd Groove Me
9.5%
Earth Wind and Fire Let's Groove
9.5%
Donna SummerBad Girls
9.5%
Isaac Hayes Theme from Shaft
9.5%
The Brothers Johnson Strawberry Letter 23
4.8%
Tower of Power What is Hip
4.8%
Carl Carlton She's a Bad Mama Jama
4.8%
KC and the sunshine Band Boogie Shoes
4.8%
Commodores Machine Gun
4.8%
Earth Wind and Fire Boogie Wonderland
4.8%
Earth Wind and Fire Fantasy
4.8%
Ohio Players Fire
4.8%
The Isley Brothers That Lady
4.8%
The Spinners I'll Be Around
4.8%
Three Dog Night Mama Told Me Not To Come
4.8%
Otis Redding and Carla ThomasKnock on Wood
4.8%
MFSBT.S.O.P.
4.8%
Parliament Give Up The Funk
0%
Dr. JohnWrong Place, Wrong Time
0%
Peaches and HerbShake Your Grove Thing
0%
The Friends of Distinction Grazing in the Grass
0%
Tower of Power Soul Vaccination
0%
The Isley Brothers Its Your Thing
0%
James Brown The Payback
0%
James Brown I Got the Feeling
0%
Average White Band Cut the Cake
0%
Tavares Heaven must be Missing an Angle
0%
Kc and the Sunshine BandI'm Your Boogie Man
0%
James BrownThe Boss
0%

You're not logged in!

Compare scores with friends on all Sporcle quizzes.
OR
Log In

Show Comments

Extras

Created Feb 25, 2014ReportNominate
Tags:Song Quiz

Top Quizzes Today


Score Distribution

Your Account Isn't Verified!

In order to create a playlist on Sporcle, you need to verify the email address you used during registration. Go to your Sporcle Settings to finish the process.

Report this User

Report this user for behavior that violates our Community Guidelines.

Details: